Movies on the Red Carpet Quiz Stats

 Plays Quiz Updated May 16, 2016

Challenge
Share
Tweet
Score 0/24 Timer 10:00
5 Plays Today
% Correct
Harry Potter and the Sorcerer's Stone
95.3%
The Avengers
90.1%
Indiana Jones and the Kingdom of the Crystal Skull
88.9%
The Hangover
87.6%
Star Wars: The Force Awakens
85.6%
Pulp Fiction
81.1%
Fight Club
81.1%
Shrek Forever After
75.9%
X-Men: Days of Future Past
75.4%
The Social Network
74.7%
12 Years a Slave
72.7%
The Expendables 3
70.1%
% Correct
Mamma Mia!
68.4%
Avatar
59.3%
Tropic Thunder
58.8%
Spectre
56.3%
Spy
55%
Mary Poppins
54%
Batman Returns
52.2%
Cars 2
51.2%
Mad Max: Fury Road
50.6%
Armageddon
50.4%
Man of Steel
49.2%
Saving Mr. Banks
41.7%

You're not logged in!

Compare scores with friends on all Sporcle quizzes.
OR
Log In

You Might Also Like...

Show Comments

Extras

Top Quizzes Today


Score Distribution

Your Account Isn't Verified!

In order to create a playlist on Sporcle, you need to verify the email address you used during registration. Go to your Sporcle Settings to finish the process.

Report this User

Report this user for behavior that violates our Community Guidelines.

Details: